000 00271nam a22001217a 4500
003 OSt
005 20260116105734.0
008 260116b |||||||| |||| 00| 0 eng d
040 _cfms
100 _aZeithaml
_9898158
245 _aServices marketing
942 _2CC
_cGB
_n0
999 _c1490767
_d1490767